Guess the Taylor Swift Song (2) - Statistics

General Stats
  • This quiz has been taken 63 times
  • The average score is 185 of 261
Answer Stats
% Correct
I
100%
a
98%
the
95%
The
95%
And
93%
and
93%
on
93%
So
93%
so
93%
to
93%
You
93%
you
93%
be
91%
I'm
89%
me
89%
but
86%
where
86%
your
86%
it,
84%
it
84%
of
84%
what
84%
as
82%
in
82%
She
82%
she
82%
They
82%
was
82%
all
80%
don't
80%
Don't
80%
he
80%
say
80%
for
77%
know
77%
my
77%
them
75%
been
73%
can
73%
from?
73%
got
73%
how
73%
men
73%
one
73%
get
70%
had
70%
I've
70%
she's
70%
some
70%
want
70%
mine
68%
tell
68%
did
66%
dress
66%
her
66%
Now
66%
think
66%
with
66%
dressing
64%
kill
64%
man
64%
revenge
64%
shit
64%
things,
64%
worst
64%
bad
61%
enough
61%
eye,
61%
last
61%
Lately
61%
always
59%
even
59%
looks
59%
Or
59%
sharp
59%
start
59%
vigilante
59%
women
59%
cat
57%
ends
57%
gave
57%
his
57%
lines
57%
weekends
57%
will
57%
Benz
55%
crossing
55%
doing
55%
Draw
55%
Driving
55%
fun
55%
innocents
55%
lady
55%
pretty
55%
sad,
55%
Someone
55%
try
55%
above
52%
FBI
52%
friends
52%
might
52%
people
52%
crimes
50%
house,
50%
kids,
50%
kind
50%
Ladies
50%
lie
50%
rise
50%
white
50%
gets
48%
which
48%
again
45%
collar
45%
envelope,
45%
ex-wife
45%
sweet
45%
told
45%
wonder
45%
cold,
43%
hard,
43%
needed
43%
simply
43%
Picture
41%
proof
41%
thick
39%
villains
39%
While
39%
pride
36%
thieves
36%
Sometimes
34%
No matching quizzes found
Score Distribution
Percent of People with Each Score
Percentile by Number Answered
Your Score History
You have not taken this quiz